College Football Matchups: Iowa - Statistics

General Stats
  • This quiz has been taken 145 times
    26 since last reset
  • The average score is 13 of 16
Answer Stats
Games Opponent Subdivision % Correct
72 Iowa State Power 4
100%
119 Minnesota Power 4
100%
67 Ohio State Power 4
100%
64 Michigan Power 4
95%
56 Nebraska Power 4
95%
99 Wisconsin Power 4
90%
79 Indiana Power 4
86%
51 Michigan State Power 4
86%
94 Purdue Power 4
86%
79 Illinois Power 4
81%
86 Northwestern Power 4
81%
33 Penn State Power 4
76%
18 Northern Iowa FCS
71%
15 Drake FCS
52%
14 Missouri Power 4
38%
24 Notre Dame Power 4
29%
No matching quizzes found
Score Distribution
Percent of People with Each Score
Percentile by Number Answered
Your Score History
You have not taken this quiz since the last reset